Islands of the World by Population Density - Statistics

General Stats
  • This quiz has been taken 177 times
  • The average score is 9 of 20
Answer Stats
Pop/Sq Km Country Island % Correct
7,618 Singapore Palau Ujong
91%
2,086 USA Long Island
82%
1,578 Malta Malta Island
82%
1,626 Bahrain Bahrain
81%
1,026 Indonesia Java
81%
27,489 USA Manhattan
80%
16,038 China Hong Kong Island
69%
1,146 Japan Okinawa Island
55%
3,093 USA Staten Island
53%
3,716 Canada Island of Montreal
50%
1,636 USA Oahu
46%
24,414 India Salsette Island
35%
10,650 China Xiamen Island
25%
2,935 Malaysia Penang Island
23%
1,594 Bahamas New Providence
16%
1,384 Canada Ile Jesus
13%
1,100` Taiwan Penghu Island
5%
1,177 Malaysia Labuan
3%
1,662 Denmark Amager
1%
1,401 Canada Lulu Island
1%
No matching quizzes found
Score Distribution
Percent of People with Each Score
Percentile by Number Answered
Your Score History
You have not taken this quiz